Prínos vo všetkých smeroch

Moderný a bezpečný nástroj na spravovanie rozpočtu samospráv. Rozpočtový informačný systém pre samosprávu - RIS.SAM. Vytvorenie digitálneho úradu pomocou komplexného informačného systému SOA (Service Oriented Architecture).

Gespeichert in:
Bibliographische Detailangaben
1. Verfasser: Hudec, Marián
Format: Buchkapitel
Sprache:Slowakisch
Schlagworte:
Tags: Tag hinzufügen
Keine Tags, Fügen Sie das erste Tag hinzu!

MARC

LEADER 00000naa a2200000 4500
001 0142454
005 20231005103052.7
041 0 |a slo 
044 |a SK 
245 1 0 |a Prínos vo všetkých smeroch  |c Marián Hudec 
520 |a Moderný a bezpečný nástroj na spravovanie rozpočtu samospráv. Rozpočtový informačný systém pre samosprávu - RIS.SAM. Vytvorenie digitálneho úradu pomocou komplexného informačného systému SOA (Service Oriented Architecture). 
610 2 0 |a samospráva 
610 2 0 |a rozpočet miestny 
610 2 0 |a financie komunálne 
610 2 0 |a zastupiteľstvá obecné 
610 2 0 |a správa verejná elektronická 
610 2 0 |a technológie informačné 
610 2 0 |a technológie komunikačné 
610 2 0 |a digitalizácia 
100 1 |a Hudec, Marián